ბათუმის შოთა რუსთაველის სახელმწიფო უნივერსიტეტის ბიბლიოთეკა

სუბტროპიკულ მცენარეთა ეკოლოგია (ბიბ.ჩანაწერი № 50767)

000 -LEADER
fixed length control field 00836nam a2200229Ia 4500
001 - CONTROL NUMBER
control field 17719
003 - CONTROL NUMBER IDENTIFIER
control field GE_BSU
008 - FIXED-LENGTH DATA ELEMENTS--GENERAL INFORMATION
fixed length control field 181216s||||||||xx |||||||||||||| ||und||
020 ## - INTERNATIONAL STANDARD BOOK NUMBER
International Standard Book Number 9789941453557
040 ## - CATALOGING SOURCE
Transcribing agency GE_BSU
080 ## - UNIVERSAL DECIMAL CLASSIFICATION NUMBER
Universal Decimal Classification number 634.6(042.4):581
100 ## - MAIN ENTRY--PERSONAL NAME
Personal name კურდღელია, მ., კუცია, მ., ქუთელია, ქ.,
245 ## - TITLE STATEMENT
Title სუბტროპიკულ მცენარეთა ეკოლოგია
245 ## - TITLE STATEMENT
Statement of responsibility, etc. რედ.:ვ. ქობალია
260 ## - PUBLICATION, DISTRIBUTION, ETC.
Place of publication, distribution, etc. ქუთაისი
260 ## - PUBLICATION, DISTRIBUTION, ETC.
Name of publisher, distributor, etc. აკაკი წერეთლის სახ. უნ-ტი
260 ## - PUBLICATION, DISTRIBUTION, ETC.
Date of publication, distribution, etc. 2015
300 ## - PHYSICAL DESCRIPTION
Extent 224 გვ.27სმ.
300 ## - PHYSICAL DESCRIPTION
Accompanying material ბიბლ.გვ.220-221
653 ## - INDEX TERM--UNCONTROLLED
Uncontrolled term სუბტროპიკულ მცენარეთა ეკოლოგია
942 ## - ADDED ENTRY ELEMENTS (KOHA)
Koha item type წიგნი
ეგზემპლარები
Withdrawn status Lost status Damaged status Not for loan Date acquired Barcode Date last seen Price effective from Koha item type
        2018-12-17 41576 2018-12-17 2018-12-17 წიგნი